[Event "Wch Seniors 50 31st"]
[Site "Terassini"]
[Date "2023.11.05"]
[Round "11"]
[White "Morovic Fernandez, Ivan"]
[Black "Vinter Schou, Uffe"]
[Result "1-0"]
[WhiteElo "2488"]
[BlackElo "2345"]
[PlyCount "81"]
[EventDate "2023.10.25"]
[EventType "swiss"]
[EventRounds "11"]
[EventCountry "ITA"]
[SourceTitle "Mega2024 Update 01"]
[Source "Chessbase"]
[SourceDate "2023.11.12"]
[SourceVersion "1"]
[SourceVersionDate "2023.11.12"]
[SourceQuality "1"]

1. e4 c5 2. Nf3 e6 3. d4 cxd4 4. Nxd4 Nc6 5. Nc3 Qc7 6. Be3 a6 7. g4 b5 8. Nxc6 dxc6 9. Qf3 Bd6 10. 0-0-0 Ne7 11. h4 0-0 12. h5 f5 13. exf5 exf5 14. g5 Be6 15. h6 g6 16. Bb6 Qb8 17. Rh4 f4 18. Ne4 Bd5 19. Qc3 Be5 20. Bd4 Bxd4 21. Qxd4 Nf5 22. Nf6+ Kf7 23. Qc5 Qe5 24. Nd7 Qe7 25. Qxe7+ Kxe7 26. Nxf8 Nxh4 27. Nxh7 Nf3 28. Bg2 Rh8 29. Bxf3 Bxf3 30. Re1+ Kf7 31. Nf6 Rd8 32. b3 c5 33. Kb2 Bc6 34. Re5 c4 35. Rc5 Rd6 36. bxc4 Re6 37. cxb5 axb5 38. Ng4 Kg8 39. Re5 Rxe5 40. Nxe5 Be4 41. Kc3 1-0

[Event "Wch Seniors 50 31st"]
[Site "Terassini"]
[Date "2023.11.03"]
[Round "9"]
[White "Morovic Fernandez, Ivan"]
[Black "Novik, Maxim"]
[Result "1/2-1/2"]
[WhiteElo "2488"]
[BlackElo "2375"]
[PlyCount "54"]
[EventDate "2023.10.25"]
[EventType "swiss"]
[EventRounds "11"]
[EventCountry "ITA"]
[SourceTitle "Mega2024 Update 01"]
[Source "Chessbase"]
[SourceDate "2023.11.12"]
[SourceVersion "1"]
[SourceVersionDate "2023.11.12"]
[SourceQuality "1"]

1. d4 Nf6 2. c4 g6 3. Nc3 Bg7 4. e4 d6 5. Nf3 0-0 6. Be2 e5 7. d5 a5 8. h3 Na6 9. Bg5 h6 10. Be3 Nh5 11. Nd2 Nf4 12. Bf1 Nb4 13. Ndb1 Bd7 14. g3 Nh5 15. a3 Na6 16. Be2 Nf6 17. g4 Nc5 18. Nd2 a4 19. h4 Nh7 20. Qc2 Re8 21. 0-0-0 Bf6 22. Kb1 Bxh4 23. Nf3 Bf6 24. Rxh6 Bxg4 25. Rdh1 Nf8 26. Qd1 Bg7 27. R6h4 Bh5 1/2-1/2

[Event "Wch Seniors 50 31st"]
[Site "Terassini"]
[Date "2023.10.27"]
[Round "3"]
[White "Mrva, Martin"]
[Black "Morovic Fernandez, Ivan"]
[Result "0-1"]
[WhiteElo "2366"]
[BlackElo "2488"]
[PlyCount "100"]
[EventDate "2023.10.25"]
[EventType "swiss"]
[EventRounds "11"]
[EventCountry "ITA"]
[SourceTitle "Mega2024 Update 01"]
[Source "Chessbase"]
[SourceDate "2023.11.12"]
[SourceVersion "1"]
[SourceVersionDate "2023.11.12"]
[SourceQuality "1"]

1. e4 c5 2. Nf3 e6 3. d4 cxd4 4. Nxd4 Nf6 5. Nc3 Nc6 6. a3 Be7 7. f4 d5 8. e5 Nxd4 9. Qxd4 Nd7 10. Be3 0-0 11. 0-0-0 a6 12. Be2 Qc7 13. Bf3 Rb8 14. Rhe1 b5 15. Bxd5 b4 16. axb4 Rxb4 17. Qa7 Qa5 18. Bc6 Rxb2 19. Rd3 Ba3 20. Kd2 Bc5 21. Bxc5 Nxc5 22. Rd6 Bb7 23. Re3 h6 24. f5 Rc8 25. fxe6 fxe6 26. Rg3 Rxc6 27. Rxc6 Ne4+ 28. Kd3 Nxg3 29. Qb8+ Kh7 30. hxg3 Bxc6 31. Qxb2 Qxe5 32. Qb6 Qxg3+ 33. Kc4 Qxg2 34. Kb3 Bd5+ 35. Kb2 Qd2 36. Qb4 Qe3 37. Na4 h5 38. Nc5 e5 39. Qb6 Qd4+ 40. Kc1 h4 41. Qd6 h3 42. Ne6 Bxe6 43. Qxe6 Qf4+ 44. Kb2 h2 45. Qh3+ Kg6 46. Qg2+ Kf5 47. Kb3 Qe3+ 48. c3 Qg1 49. Qf3+ Kg5 50. Qb7 Qb1+ 0-1

[Event "Wch Seniors 50 30th"]
[Site "Assisi"]
[Date "2022.11.24"]
[Round "9"]
[White "Sturua, Zurab"]
[Black "Morovic Fernandez, Ivan"]
[Result "1-0"]
[WhiteElo "2522"]
[BlackElo "2480"]
[PlyCount "77"]
[EventDate "2022.11.15"]
[EventType "swiss"]
[EventRounds "11"]
[EventCountry "ITA"]
[SourceTitle "CBM 211 Extra"]
[Source "ChessBase"]
[SourceDate "2023.01.31"]
[SourceVersion "1"]
[SourceVersionDate "2023.01.31"]
[SourceQuality "1"]

1. c4 e6 2. Nc3 d5 3. d4 Be7 4. cxd5 exd5 5. Bf4 c6 6. Qc2 Bd6 7. Bxd6 Qxd6 8. e3 Ne7 9. Bd3 g6 10. f3 Nf5 11. Qd2 Be6 12. Nge2 Nd7 13. 0-0 0-0 14. Bc2 Nb6 15. b3 Ng7 16. Rad1 Rae8 17. e4 f6 18. Ng3 dxe4 19. fxe4 Bg4 20. Nce2 Rd8 21. Qa5 Nd7 22. Rd2 b6 23. Qc3 c5 24. Nf4 cxd4 25. Rxd4 Qe5 26. Qd2 Rc8 27. Bd1 Bxd1 28. Rxd7 Bg4 29. Rxa7 Rcd8 30. Nd5 f5 31. Re7 Qd6 32. Qh6 Rf7 33. Rxf7 Kxf7 34. Qxh7 Qe5 35. Nf4 Rd6 36. h3 Qc5+ 37. Kh2 Bd1 38. exf5 gxf5 39. Nfh5 1-0

[Event "Wch Seniors 50 30th"]
[Site "Assisi"]
[Date "2022.11.22"]
[Round "7"]
[White "Pavlovic, Milos"]
[Black "Morovic Fernandez, Ivan"]
[Result "0-1"]
[WhiteElo "2447"]
[BlackElo "2480"]
[PlyCount "102"]
[EventDate "2022.11.15"]
[EventType "swiss"]
[EventRounds "11"]
[EventCountry "ITA"]
[SourceTitle "CBM 211 Extra"]
[Source "ChessBase"]
[SourceDate "2023.01.31"]
[SourceVersion "1"]
[SourceVersionDate "2023.01.31"]
[SourceQuality "1"]

1. d4 d5 2. c4 e6 3. Nc3 Be7 4. Nf3 Nf6 5. Bf4 0-0 6. e3 b6 7. Be2 dxc4 8. Bxc4 Bb7 9. 0-0 Nbd7 10. Qe2 a6 11. a4 c5 12. Rfd1 cxd4 13. exd4 Re8 14. Ne5 Nf8 15. Rac1 Nd5 16. Nxd5 exd5 17. Bd3 Ng6 18. Bxg6 hxg6 19. Qf3 Bf6 20. h4 Qe7 21. h5 gxh5 22. Qxh5 Rac8 23. Rc3 Rxc3 24. bxc3 g6 25. Qf3 Bg7 26. Rb1 Qf6 27. Ng4 Qe6 28. Be5 Bc8 29. Nf6+ Bxf6 30. Bxf6 Qc6 31. Be5 Bf5 32. Ra1 f6 33. Bf4 Re4 34. Qg3 Kf7 35. Bb8 Re7 36. Bd6 Re8 37. Bf4 g5 38. Be3 Kg6 39. Qf3 Re4 40. Qd1 Rh4 41. f3 Qc7 42. Bf2 Rh8 43. g4 Bd7 44. Qc2+ Kf7 45. Be1 Qf4 46. Qg2 Qe3+ 47. Qf2 Qd3 48. Qg3 Kg6 49. Ra2 Re8 50. Qf2 Qd1 51. Kf1 Bxa4 0-1

[Event "Wch Seniors 50 30th"]
[Site "Assisi"]
[Date "2022.11.20"]
[Round "6"]
[White "Morovic Fernandez, Ivan"]
[Black "Prie, Eric"]
[Result "1-0"]
[WhiteElo "2480"]
[BlackElo "2356"]
[PlyCount "79"]
[EventDate "2022.11.15"]
[EventType "swiss"]
[EventRounds "11"]
[EventCountry "ITA"]
[SourceTitle "CBM 211 Extra"]
[Source "ChessBase"]
[SourceDate "2023.01.31"]
[SourceVersion "1"]
[SourceVersionDate "2023.01.31"]
[SourceQuality "1"]

1. e4 d5 2. exd5 Qxd5 3. Nc3 Qa5 4. d4 Nf6 5. Nf3 Bf5 6. Bd2 e6 7. Ne5 Qb6 8. Qf3 c6 9. 0-0-0 Nbd7 10. Bd3 Bxd3 11. Qxd3 Rd8 12. Qg3 Qxd4 13. Nxd7 Qxd7 14. Rhe1 h5 15. Bg5 h4 16. Qf3 Qc7 17. Rxd8+ Qxd8 18. Rd1 Qc7 19. Bxf6 gxf6 20. Ne4 Be7 21. Nxf6+ Bxf6 22. Qxf6 Rg8 23. f4 Qe7 24. Qe5 f5 25. Rd6 Rg6 26. Qh8+ Kf7 27. Rd2 Rg8 28. Qh5+ Rg6 29. Qd1 Ke8 30. Qh5 Kf7 31. g3 Kg7 32. Qd1 Qc5 33. Rd7+ Kh6 34. Qe1 Qc4 35. Qe5 Kh5 36. Rh7+ Kg4 37. Qe3 Kh3 38. Rxh4+ Kg2 39. b3 Qe4 40. Qd2+ 1-0

[Event "Olympiad-44"]
[Site "Chennai"]
[Date "2022.08.08"]
[Round "10.2"]
[White "Khusenkhojaev, Mustafokhuja"]
[Black "Morovic Fernandez, Ivan"]
[Result "1/2-1/2"]
[WhiteElo "2238"]
[BlackElo "2489"]
[PlyCount "56"]
[EventDate "2022.07.29"]
[EventType "team-swiss"]
[EventRounds "11"]
[EventCountry "IND"]
[SourceTitle "CBM 210"]
[Source "ChessBase"]
[SourceDate "2022.10.31"]
[SourceVersion "1"]
[SourceVersionDate "2022.10.31"]
[SourceQuality "1"]
[WhiteTeam "Tajikistan"]
[BlackTeam "Chile"]
[WhiteTeamCountry "TJK"]
[BlackTeamCountry "CHI"]

1. d4 Nf6 2. Nf3 d5 3. c4 e6 4. g3 Bb4+ 5. Bd2 Be7 6. Bg2 0-0 7. Qc2 c6 8. 0-0 b6 9. Rd1 Ba6 10. Ne5 Nfd7 11. cxd5 cxd5 12. e4 Nxe5 13. exd5 Be2 14. dxe5 Bxd1 15. Qxd1 exd5 16. Nc3 Nc6 17. Nxd5 Nxe5 18. Nxe7+ Qxe7 19. Bxa8 Rxa8 20. Bc3 Rd8 21. Qe2 Ng6 22. Qf3 Qd7 23. Re1 f6 24. h4 Qd5 25. Qg4 Qd7 26. Qf3 Qd5 27. Qg4 Qd7 28. Qf3 Qd5 1/2-1/2

[Event "Olympiad-44"]
[Site "Chennai"]
[Date "2022.08.07"]
[Round "9.2"]
[White "Morovic Fernandez, Ivan"]
[Black "Nguyen, Thai Dai Van"]
[Result "0-1"]
[WhiteElo "2489"]
[BlackElo "2629"]
[PlyCount "86"]
[EventDate "2022.07.29"]
[EventType "team-swiss"]
[EventRounds "11"]
[EventCountry "IND"]
[SourceTitle "CBM 210"]
[Source "ChessBase"]
[SourceDate "2022.10.31"]
[SourceVersion "1"]
[SourceVersionDate "2022.10.31"]
[SourceQuality "1"]
[WhiteTeam "Chile"]
[BlackTeam "Czech Republic"]
[WhiteTeamCountry "CHI"]
[BlackTeamCountry "CZE"]

1. d4 Nf6 2. c4 e6 3. Nc3 Bb4 4. e3 0-0 5. Bd2 c5 6. a3 Bxc3 7. Bxc3 Ne4 8. Ne2 b6 9. d5 Bb7 10. f3 Nxc3 11. Nxc3 exd5 12. cxd5 d6 13. e4 Nd7 14. Be2 f5 15. exf5 Rxf5 16. 0-0 Qe7 17. Qd2 Raf8 18. f4 g5 19. fxg5 Qxg5 20. Qxg5+ Rxg5 21. Bf3 Ba6 22. Rf2 Ne5 23. Be4 Rxf2 24. Kxf2 Ng4+ 25. Kg1 Bc4 26. Rd1 Bb3 27. Rd2 Re5 28. h3 Nf6 29. Bf3 a6 30. a4 Kf7 31. Kf2 Ke7 32. Re2 Rxe2+ 33. Bxe2 Nxd5 34. Nxd5+ Bxd5 35. Bxa6 Bb3 36. Bb5 Kf6 37. Ke3 Ke5 38. Kd3 Kf4 39. Bc6 Bf7 40. Kc3 d5 41. b4 cxb4+ 42. Kxb4 d4 43. Bf3 d3 0-1

[Event "Olympiad-44"]
[Site "Chennai"]
[Date "2022.08.06"]
[Round "8.2"]
[White "Parligras, Mircea Emilian"]
[Black "Morovic Fernandez, Ivan"]
[Result "1-0"]
[WhiteElo "2576"]
[BlackElo "2489"]
[PlyCount "75"]
[EventDate "2022.07.29"]
[EventType "team-swiss"]
[EventRounds "11"]
[EventCountry "IND"]
[SourceTitle "CBM 210"]
[Source "ChessBase"]
[SourceDate "2022.10.31"]
[SourceVersion "1"]
[SourceVersionDate "2022.10.31"]
[SourceQuality "1"]
[WhiteTeam "Romania"]
[BlackTeam "Chile"]
[WhiteTeamCountry "ROU"]
[BlackTeamCountry "CHI"]

1. d4 d5 2. c4 c6 3. Nf3 Nf6 4. e3 Bg4 5. h3 Bxf3 6. Qxf3 e6 7. Nc3 Bb4 8. Bd3 Nbd7 9. 0-0 0-0 10. a3 Bxc3 11. bxc3 e5 12. Qd1 e4 13. Be2 Nb6 14. c5 Nc4 15. Rb1 b5 16. cxb6 axb6 17. a4 Qc7 18. Bxc4 dxc4 19. Rb4 c5 20. Rxc4 Qc6 21. dxc5 bxc5 22. Ba3 Nd7 23. f3 exf3 24. Qxf3 Qb6 25. Qd5 Qb3 26. Bxc5 Nxc5 27. Rxf7 Rxf7 28. Qxa8+ Rf8 29. Qd5+ Kh8 30. Qxc5 Qb8 31. Rf4 Rd8 32. a5 h6 33. a6 Rd1+ 34. Kh2 Qb1 35. a7 Rh1+ 36. Kg3 Qg6+ 37. Rg4 Qe8 38. Qd4 1-0

[Event "Olympiad-44"]
[Site "Chennai"]
[Date "2022.08.05"]
[Round "7.2"]
[White "Morovic Fernandez, Ivan"]
[Black "Miezis, Normunds"]
[Result "1-0"]
[WhiteElo "2489"]
[BlackElo "2446"]
[PlyCount "117"]
[EventDate "2022.07.29"]
[EventType "team-swiss"]
[EventRounds "11"]
[EventCountry "IND"]
[SourceTitle "CBM 210"]
[Source "ChessBase"]
[SourceDate "2022.10.31"]
[SourceVersion "1"]
[SourceVersionDate "2022.10.31"]
[SourceQuality "1"]
[WhiteTeam "Chile"]
[BlackTeam "Latvia"]
[WhiteTeamCountry "CHI"]
[BlackTeamCountry "LAT"]

1. d4 Nf6 2. c4 e6 3. Nc3 Bb4 4. e3 0-0 5. Bd2 d6 6. Nf3 c5 7. a3 Ba5 8. dxc5 dxc5 9. Qc2 Nc6 10. Bd3 Qe7 11. 0-0-0 Bxc3 12. Bxc3 e5 13. Ng5 h6 14. Nh7 Nxh7 15. Bxh7+ Kh8 16. Be4 Bd7 17. Rd2 f6 18. Rhd1 Be6 19. Bd5 Rac8 20. Qe4 Rc7 21. Bxe6 Qxe6 22. Rd6 Qe8 23. g4 a6 24. R6d5 Qe7 25. Qf5 Qe8 26. Qe4 Qe7 27. Qd3 e4 28. Qe2 Rb8 29. g5 hxg5 30. h4 gxh4 31. Qg4 Kg8 32. Rd7 Rxd7 33. Rxd7 Qf8 34. Qxe4 Nd8 35. Qxh4 b5 36. Qg3 Nc6 37. Qc7 b4 38. Qxc6 bxc3 39. Qe6+ Kh7 40. Qf5+ Kh8 41. bxc3 Qe8 42. Qg4 Qf8 43. Qh3+ Kg8 44. Qe6+ Kh7 45. Rd5 Rd8 46. Qe4+ g6 47. Rh5+ Kg8 48. Qxg6+ Qg7 49. Qxg7+ Kxg7 50. Rxc5 Kg6 51. Kc2 Rd6 52. Rd5 Rc6 53. c5 Rc8 54. Kd3 f5 55. Kd4 a5 56. Rd6+ Kg5 57. c6 Kg4 58. Kc5 Kf3 59. Rd2 1-0

[Event "American Continental 16th"]
[Site "San Salvador"]
[Date "2022.05.10"]
[Round "11"]
[White "Morovic Fernandez, Ivan"]
[Black "Sarkar, Justin"]
[Result "0-1"]
[WhiteElo "2495"]
[BlackElo "2325"]
[PlyCount "62"]
[EventDate "2022.05.02"]
[EventType "swiss"]
[EventRounds "11"]
[EventCountry "ESA"]
[SourceTitle "CBM 208 Extra"]
[Source "ChessBase"]
[SourceDate "2022.07.31"]
[SourceVersion "1"]
[SourceVersionDate "2022.07.31"]
[SourceQuality "1"]

1. e4 e5 2. Nf3 Nc6 3. Bb5 a6 4. Ba4 b5 5. Bb3 Na5 6. 0-0 d6 7. d4 exd4 8. Nxd4 Bb7 9. Bd2 Nxb3 10. Nxb3 Rb8 11. Re1 Nf6 12. Nc3 Be7 13. Nd4 0-0 14. a3 g6 15. Bg5 Re8 16. Nf3 c5 17. e5 dxe5 18. Qxd8 Bxd8 19. Nxe5 Kg7 20. Nd3 Rxe1+ 21. Rxe1 Rc8 22. Be3 Nd7 23. Rd1 Be7 24. f3 Nb6 25. Re1 Bf8 26. b4 cxb4 27. axb4 Nd7 28. Bd4+ Kg8 29. Ne4 Bxe4 30. Rxe4 Rxc2 31. Nf4 Rc4 0-1

[Event "American Continental 16th"]
[Site "San Salvador"]
[Date "2022.05.06"]
[Round "7"]
[White "Morovic Fernandez, Ivan"]
[Black "Yoo, Christopher Woojin"]
[Result "0-1"]
[WhiteElo "2495"]
[BlackElo "2535"]
[PlyCount "78"]
[EventDate "2022.05.02"]
[EventType "swiss"]
[EventRounds "11"]
[EventCountry "ESA"]
[SourceTitle "CBM 208 Extra"]
[Source "ChessBase"]
[SourceDate "2022.07.31"]
[SourceVersion "1"]
[SourceVersionDate "2022.07.31"]
[SourceQuality "1"]

1. d4 Nf6 2. Nf3 g6 3. Nbd2 c5 4. dxc5 Qa5 5. a3 Qxc5 6. b4 Qc7 7. Bb2 Bg7 8. e3 0-0 9. c4 b6 10. Be2 Bb7 11. 0-0 d6 12. Rc1 Nbd7 13. Qb3 Rac8 14. Rfd1 Qb8 15. Nb1 Qa8 16. Nbd2 Rc7 17. Rc2 Rfc8 18. Rdc1 e5 19. Ne1 a5 20. Bf3 Bxf3 21. Ndxf3 axb4 22. axb4 Ra7 23. Rd1 Qc6 24. Rcc1 Bf8 25. b5 Nc5 26. Qc2 Qe4 27. Qe2 Ra2 28. Ra1 Rca8 29. Nd2 Qf5 30. Qf3 R8a4 31. Rxa2 Rxa2 32. Bc1 Nfe4 33. Nxe4 Nxe4 34. Qxf5 gxf5 35. Nd3 Nc3 36. Re1 Rc2 37. Kf1 Na4 38. Nb4 Rxc4 39. Ba3 d5 0-1

[Event "American Continental 16th"]
[Site "San Salvador"]
[Date "2022.05.03"]
[Round "3"]
[White "Morovic Fernandez, Ivan"]
[Black "Chavez, Fernando G"]
[Result "1-0"]
[WhiteElo "2495"]
[BlackElo "2142"]
[PlyCount "47"]
[EventDate "2022.05.02"]
[EventType "swiss"]
[EventRounds "11"]
[EventCountry "ESA"]
[SourceTitle "CBM 208 Extra"]
[Source "ChessBase"]
[SourceDate "2022.07.31"]
[SourceVersion "1"]
[SourceVersionDate "2022.07.31"]
[SourceQuality "1"]

1. d4 Nf6 2. Nf3 d5 3. e3 g6 4. c4 Bg7 5. cxd5 0-0 6. Be2 Nxd5 7. e4 Nb6 8. Nc3 Bg4 9. Be3 Bxf3 10. Bxf3 e5 11. d5 c6 12. Qb3 cxd5 13. exd5 N8d7 14. d6 Rc8 15. 0-0 Nc5 16. Bxc5 Rxc5 17. Rfd1 Qd7 18. Qa3 Rfc8 19. Qxa7 Nc4 20. Qxb7 Qxb7 21. Bxb7 Rb8 22. Ne4 Rcc8 23. d7 Rd8 24. Rac1 1-0

[Event "American Continental 16th"]
[Site "San Salvador"]
[Date "2022.05.03"]
[Round "2"]
[White "Pilarte, Rene"]
[Black "Morovic Fernandez, Ivan"]
[Result "0-1"]
[WhiteElo "2090"]
[BlackElo "2495"]
[PlyCount "64"]
[EventDate "2022.05.02"]
[EventType "swiss"]
[EventRounds "11"]
[EventCountry "ESA"]
[SourceTitle "CBM 208 Extra"]
[Source "ChessBase"]
[SourceDate "2022.07.31"]
[SourceVersion "1"]
[SourceVersionDate "2022.07.31"]
[SourceQuality "1"]

1. Nf3 Nf6 2. g3 g6 3. Bg2 Bg7 4. 0-0 0-0 5. c4 d6 6. d4 Nbd7 7. Nc3 e5 8. d5 a5 9. e4 Nc5 10. Ne1 Nfd7 11. Nd3 Nxd3 12. Qxd3 f5 13. exf5 gxf5 14. f4 e4 15. Qe2 Nc5 16. Be3 Bd7 17. Kh1 Qe7 18. Nb5 Nd3 19. Nd4 c5 20. dxc6 bxc6 21. Rab1 c5 22. Nb3 Be6 23. Qc2 Nb4 24. Qf2 Nxa2 25. Ra1 Rfb8 26. Rxa2 Rxb3 27. Rfa1 Qb7 28. Bc1 Rb4 29. Qd2 Bxc4 30. Qxd6 Bxa2 31. Rxa2 Rd4 32. Qe6+ Qf7 0-1

[Event "Montevideo Duchamp Cup 5th"]
[Site "Montevideo"]
[Date "2022.02.18"]
[Round "8"]
[White "Morovic Fernandez, Ivan"]
[Black "Lujan, Carolina"]
[Result "1-0"]
[WhiteElo "2498"]
[BlackElo "2334"]
[PlyCount "83"]
[EventDate "2022.02.12"]
[EventType "swiss"]
[EventRounds "9"]
[EventCountry "URU"]
[SourceTitle "CBM 206 Extra"]
[Source "ChessBase"]
[SourceDate "2022.03.31"]
[SourceVersion "1"]
[SourceVersionDate "2022.03.31"]
[SourceQuality "1"]

1. e4 c5 2. Nf3 Nc6 3. d4 cxd4 4. Nxd4 Nf6 5. Nc3 e5 6. Ndb5 d6 7. Bg5 a6 8. Na3 b5 9. Nab1 Be7 10. Bxf6 Bxf6 11. a4 bxa4 12. Rxa4 0-0 13. Bd3 Ne7 14. 0-0 Bb7 15. Bc4 Qd7 16. b3 a5 17. Nd5 Bc6 18. Ra2 Bxd5 19. Bxd5 Ra7 20. Nc3 Rc8 21. Bc4 Ng6 22. g3 Bd8 23. Qd3 Qh3 24. Nd5 h5 25. Rd1 h4 26. Qf3 hxg3 27. fxg3 Nh4 28. Qf2 Rc5 29. Kh1 Qg4 30. Qe2 Qxe2 31. Bxe2 Ng6 32. b4 Rc8 33. b5 Rb8 34. Nb4 Ne7 35. Rxd6 Bb6 36. Na6 Rbb7 37. c4 Bd4 38. c5 Rxa6 39. bxa6 Rb1+ 40. Kg2 Bxc5 41. Rd1 Rb4 42. Rxa5 1-0

[Event "Montevideo Duchamp Cup 5th"]
[Site "Montevideo"]
[Date "2022.02.15"]
[Round "5"]
[White "Hungaski, Robert Andrew"]
[Black "Morovic Fernandez, Ivan"]
[Result "1-0"]
[WhiteElo "2537"]
[BlackElo "2498"]
[PlyCount "109"]
[EventDate "2022.02.12"]
[EventType "swiss"]
[EventRounds "9"]
[EventCountry "URU"]
[SourceTitle "CBM 206 Extra"]
[Source "ChessBase"]
[SourceDate "2022.03.31"]
[SourceVersion "1"]
[SourceVersionDate "2022.03.31"]
[SourceQuality "1"]

1. e4 e5 2. Nf3 Nc6 3. Bc4 Nf6 4. d4 exd4 5. 0-0 Nxe4 6. Re1 d5 7. Bxd5 Qxd5 8. Nc3 Qa5 9. Nxe4 Be6 10. Neg5 0-0-0 11. Nxe6 fxe6 12. Rxe6 Bd6 13. Bg5 Rde8 14. Qe2 Kd7 15. Rxe8 Rxe8 16. Qd3 h6 17. Bh4 g5 18. Bg3 g4 19. Nd2 h5 20. Ne4 Qf5 21. Re1 Re6 22. Re2 Bxg3 23. hxg3 Qd5 24. Nc3 Qg5 25. Rxe6 Kxe6 26. Ne2 Qf5 27. Qxd4 Qxc2 28. Nf4+ Ke7 29. Qg7+ Kd6 30. Qh6+ Kc5 31. Qxh5+ Kb6 32. Nd5+ Ka6 33. Nxc7+ Kb6 34. Nd5+ Ka6 35. Qxg4 Qxb2 36. Qc4+ Ka5 37. g4 Qa1+ 38. Kh2 Qh8+ 39. Kg3 Qe5+ 40. Nf4 Kb6 41. Qb3+ Ka6 42. Qe6 Qc5 43. f3 Qc3 44. g5 b6 45. Nd5 Qc1 46. Qe3 Qc4 47. Qa3+ Kb7 48. Nf4 Qb5 49. Kh4 Qf5 50. Qe3 Qh7+ 51. Kg4 Qd7+ 52. Qe6 Qd4 53. Qd5 Qc3 54. g6 Kc8 55. Kg5 1-0

[Event "Lindores Abbey Blitz Tal Memorial"]
[Site "Riga"]
[Date "2021.11.08"]
[Round "12.37"]
[White "Chigaev, Maksim"]
[Black "Morovic Fernandez, Ivan"]
[Result "0-1"]
[WhiteElo "2610"]
[BlackElo "2503"]
[PlyCount "40"]
[EventDate "2021.11.08"]
[EventType "swiss (blitz)"]
[EventRounds "18"]
[EventCountry "LAT"]
[SourceTitle "CBM 205 Extra"]
[Source "ChessBase"]
[SourceDate "2022.01.31"]
[SourceVersion "1"]
[SourceVersionDate "2022.01.31"]
[SourceQuality "1"]

1. c4 c6 2. Nf3 d5 3. e3 Nf6 4. Nc3 e6 5. b3 Bd6 6. Bb2 e5 7. cxd5 cxd5 8. Nb5 Nc6 9. Nxd6+ Qxd6 10. d4 e4 11. Ne5 0-0 12. Be2 Nd7 13. Nxc6 Qxc6 14. Rc1 Qg6 15. 0-0 Nf6 16. Kh1 Bd7 17. Rc7 Bc6 18. Ba3 Rfc8 19. Rxc8+ Rxc8 20. Qd2 h5 0-1

[Event "Lindores Abbey Blitz Tal Memorial"]
[Site "Riga"]
[Date "2021.11.08"]
[Round "9.25"]
[White "Esipenko, Andrey"]
[Black "Morovic Fernandez, Ivan"]
[Result "1-0"]
[WhiteElo "2592"]
[BlackElo "2503"]
[PlyCount "49"]
[EventDate "2021.11.08"]
[EventType "swiss (blitz)"]
[EventRounds "18"]
[EventCountry "LAT"]
[SourceTitle "CBM 205 Extra"]
[Source "ChessBase"]
[SourceDate "2022.01.31"]
[SourceVersion "1"]
[SourceVersionDate "2022.01.31"]
[SourceQuality "1"]

1. e4 e5 2. Nf3 Nc6 3. Bb5 a6 4. Ba4 Nf6 5. 0-0 Be7 6. Re1 b5 7. Bb3 d6 8. c3 0-0 9. h3 Be6 10. Bxe6 fxe6 11. d4 Qd7 12. a4 Rfb8 13. Bg5 h6 14. Bh4 exd4 15. cxd4 Nb4 16. Nc3 bxa4 17. Rxa4 a5 18. Qe2 c5 19. dxc5 dxc5 20. Rd1 Qc6 21. Ne5 Qa6 22. Qf3 Nc6 23. Ng6 Re8 24. e5 Nd7 25. Rxd7 1-0

[Event "Lindores Abbey Blitz Tal Memorial"]
[Site "Riga"]
[Date "2021.11.08"]
[Round "4.51"]
[White "Morovic Fernandez, Ivan"]
[Black "Budisavljevic, Luka"]
[Result "1-0"]
[WhiteElo "2503"]
[BlackElo "2239"]
[PlyCount "53"]
[EventDate "2021.11.08"]
[EventType "swiss (blitz)"]
[EventRounds "18"]
[EventCountry "LAT"]
[SourceTitle "CBM 205 Extra"]
[Source "ChessBase"]
[SourceDate "2022.01.31"]
[SourceVersion "1"]
[SourceVersionDate "2022.01.31"]
[SourceQuality "1"]

1. e4 c5 2. Nf3 a6 3. c3 d5 4. exd5 Qxd5 5. d4 Nf6 6. Be2 e6 7. 0-0 Be7 8. Be3 cxd4 9. cxd4 0-0 10. Nc3 Qd6 11. Qd2 Nc6 12. Rfd1 b5 13. Bf4 Qd8 14. Ne5 Bb7 15. Bf3 Qb6 16. Be3 Qc7 17. Bxc6 Bxc6 18. Rac1 Bb7 19. Nxb5 Qb6 20. Nc7 Rad8 21. d5 Qd6 22. Bc5 Qxe5 23. Bxe7 Nxd5 24. Bxf8 Nf4 25. Qxd8 Nh3+ 26. gxh3 Qg5+ 27. Qxg5 1-0

[Event "Lindores Abbey Blitz Tal Memorial"]
[Site "Riga"]
[Date "2021.11.08"]
[Round "7.32"]
[White "Morovic Fernandez, Ivan"]
[Black "Cheparinov, Ivan"]
[Result "1/2-1/2"]
[WhiteElo "2503"]
[BlackElo "2661"]
[PlyCount "87"]
[EventDate "2021.11.08"]
[EventType "swiss (blitz)"]
[EventRounds "18"]
[EventCountry "LAT"]
[SourceTitle "CBM 205 Extra"]
[Source "ChessBase"]
[SourceDate "2022.01.31"]
[SourceVersion "1"]
[SourceVersionDate "2022.01.31"]
[SourceQuality "1"]

1. e4 e5 2. Nf3 Nc6 3. Bb5 a6 4. Ba4 Nf6 5. 0-0 Be7 6. Re1 b5 7. Bb3 0-0 8. c3 d5 9. exd5 Nxd5 10. Nxe5 Nxe5 11. Rxe5 Bb7 12. d4 Bf6 13. Re1 Re8 14. Rxe8+ Qxe8 15. Bxd5 Bxd5 16. Nd2 Qc6 17. Nf3 Re8 18. Be3 h5 19. h3 Re6 20. Ne1 h4 21. Nd3 Bxg2 22. d5 Qxd5 23. Nf4 Qxd1+ 24. Rxd1 Bf3 25. Nxe6 Bxd1 26. Nxc7 b4 27. cxb4 Be2 28. b3 Be5 29. Nd5 Bf3 30. Ne7+ Kh7 31. Nf5 Bf6 32. Bd4 Bg5 33. Nxg7 Be4 34. Ne8 Kg6 35. Nd6 Bb1 36. a4 Be7 37. Bc5 Bc2 38. b5 axb5 39. axb5 Bxb3 40. b6 Bd5 41. Ne4 Bd8 42. Nd6 Be7 43. Ne4 Bd8 44. Nd6 1/2-1/2

[Event "Lindores Abbey Blitz Tal Memorial"]
[Site "Riga"]
[Date "2021.11.08"]
[Round "1.17"]
[White "Morovic Fernandez, Ivan"]
[Black "Mamedov, Rauf"]
[Result "0-1"]
[WhiteElo "2503"]
[BlackElo "2678"]
[PlyCount "74"]
[EventDate "2021.11.08"]
[EventType "swiss (blitz)"]
[EventRounds "18"]
[EventCountry "LAT"]
[SourceTitle "CBM 205 Extra"]
[Source "ChessBase"]
[SourceDate "2022.01.31"]
[SourceVersion "1"]
[SourceVersionDate "2022.01.31"]
[SourceQuality "1"]

1. e4 c5 2. Nf3 Nc6 3. d4 cxd4 4. Nxd4 g6 5. c4 Bg7 6. Be3 Qb6 7. Nb3 Qd8 8. Qd2 d6 9. Nc3 Nf6 10. Be2 a5 11. 0-0 a4 12. Nd4 Nxd4 13. Bxd4 0-0 14. Rfd1 Be6 15. f3 Nd7 16. Be3 Qa5 17. Rac1 Rfc8 18. Nd5 Bxd5 19. Qxa5 Rxa5 20. cxd5 Nc5 21. b4 axb3 22. axb3 Ra3 23. Bxc5 dxc5 24. b4 b6 25. bxc5 bxc5 26. d6 exd6 27. Rxd6 Bh6 28. Rcd1 Kg7 29. Bc4 Rc3 30. Bd5 Rc7 31. h4 c4 32. h5 Rc2 33. hxg6 hxg6 34. g3 Be3+ 35. Kf1 c3 36. f4 Rf2+ 37. Ke1 c2 0-1